Biografía de Don Marcos Jiménez de la Espada (1831-1898) / (Record no. 29574)

MARC details
000 -LEADER
campo de control de longitud fija 00869nam a2200217 i 4500
001 - NÚMERO DE CONTROL
campo de control 29574
003 - IDENTIFICADOR DE NÚMERO DE CONTROL
campo de control ES-MaACL
005 - FECHA Y HORA DE LA ÚLTIMA TRANSACCIÓN
campo de control 20250920063031.0
007 - CAMPO FIJO DE DESCRIPCIÓN FÍSICA--INFORMACIÓN GENERAL
campo de control de longitud fija t|
008 - DATOS DE LONGITUD FIJA--INFORMACIÓN GENERAL
campo de control de longitud fija 030122s1921 sp ||||1| spa d
100 1# - ENTRADA PRINCIPAL--NOMBRE DE PERSONA
Nombre de persona Barreiro, Agustín Jesús,
Fechas asociadas al nombre 1865-1937
9 (RLIN) 25888
245 10 - MENCIÓN DEL TÍTULO
Título Biografía de Don Marcos Jiménez de la Espada (1831-1898) /
Mención de responsabilidad, etc. por Agustín Jesús Barreiro.
260 ## - PUBLICACIÓN, DISTRIBUCIÓN, ETC.
Lugar de publicación, distribución, etc. Madrid :
Nombre del editor, distribuidor, etc. [s.n.],
Fecha de publicación, distribución, etc. 1921 (
Lugar de fabricación/manufactura Toledo :
Fabricante Tip. G. Menor)
300 ## - DESCRIPCIÓN FÍSICA
Extensión 43 p., 1 lám. :
Otras características físicas 1 retr. aut. ;
Dimensiones 24 cm.
530 ## - NOTA DISPONIBLE DE FORMULARIO FÍSICO ADICIONAL
Nota de formato físico adicional disponible Disponible en formato digital.
600 17 - PUNTO DE ACCESO ADICIONAL DE MATERIA--NOMBRE DE PERSONA
Nombre de persona Jiménez de la Espada, Marcos,
Fechas asociadas al nombre 1831-1898
Fuente del encabezamiento o término embne
9 (RLIN) 222553
852 ## - LOCALIZACIÓN
Ubicación ES-MaACL
Número de control de estantería 1834-F-4
Sublocalización o colección R.18531
itemnumber 30690
Ubicación en estantería Depósito folletos
Nota libre Revisado enlace: 10 de Abril de 2025
856 ## - LOCALIZACIÓN Y ACCESO ELECTRÓNICOS
Identificador Uniforme de Recursos <a href="http://bdh-rd.bne.es/viewer.vm?id=0000228064&page=1 ">http://bdh-rd.bne.es/viewer.vm?id=0000228064&page=1 </a>
Texto de enlace Biblioteca Digital Hispánica
942 ## - ELEMENTOS DE ENTRADA SECUNDARIOS (KOHA)
Fuente del sistema de clasificación o colocación Clasificación decimal universal
Holdings
Estatus retirado Estado de pérdida Estado de daño No para préstamo Colección Biblioteca de origen Biblioteca actual Ubicación en estantería Fecha de adquisición Fuente de adquisición Total de préstamos Signatura topográfica completa Código de barras Visto por última vez Precio de reemplazo Tipo de ítem Koha
        Colección de folletos Biblioteca del Ateneo de Madrid Biblioteca del Ateneo de Madrid Depósito folletos 17/01/2008     1834-F-4 1030531 23/02/2023 23/02/2023 Folleto